The Punic Wars Quiz - Statistics

General Stats
  • This quiz has been taken 462 times
  • The average score is 6 of 14
Answer Stats
Hint Answer % Correct
The legendary Carthaginian general that defeated the Romans at the battle mentioned above and crossed the alps with elephants Hannibal Barca
91%
Roman general who defeated the general mentioned above in the Battle of Zama and helped Rome win the Second Punic War Scipio Africanus
81%
Island that was ceded to Rome after the First Punic War Sicily
77%
Battle in which the Roman army was encircled and annihilated despite outnumbering the enemy Battle of Cannae
63%
Carthaginian general who led a successful guerilla campaign on the island of Sicily Hamilcar Barca
59%
In which country would the city of Carthage be in today? Tunisia
57%
Contraption that the Romans added to their ships in order to make boarding possible Corvus
43%
Name the Roman Consul that led the Roman expedition into North Africa Marcus Atilius Regulus/Lucius Manlius Vulso Longus
36%
Roman name given to the conquered territories of Carthage in the Third Punic War Africa
32%
Region the Romans annexed from Carthage following the Second Punic War Carthaginian Iberia
31%
Name of the rebellion that broke out in Carthage following their defeat in the First Punic War Mercenary War
31%
Main Carthaginian general in the Third Punic War Hasdrubal
18%
Roman General that would rebuild the city of Carthage around one century after its destruction Julius Caesar
18%
Battle the Romans used as a pretext to invade Carthage in the Third Punic War Battle of Oroscopa
2%
No matching quizzes found
Score Distribution
Percent of People with Each Score
Percentile by Number Answered
Your Score History
You have not taken this quiz